Остаться в живых. Вымирающие виды: роман; пер. с англ.

Bibliografiset tiedot
Päätekijä: Хапка К. Кэти
Muut tekijät: Либер Дж. Джефри, Абрамс Дж. Дж., Линделоф Д. Деймон
Yhteenveto:Аспирантка биологического факультета Фэйт Харрингтон молода и красива, у нее есть любимое дело и любимый человек. Однако все ее счастье оказывается сплошной бутафорией, когда Фэйт отправляется в Австралию на конгресс экологов. Выясняется, что ее возлюбленный — совсем не тот человек, которым она его считала, а сама Фэйт становится невольной соучастницей убийства. Перепуганная девушка садится на самолет, но он разбивается над океаном, и уцелевшие пассажиры оказываются на удивительном острове, полном смертельных опасностей и роковых загадок... Литературная версия знаменитого телесериала.
Kieli:venäjä
Julkaistu: СПб., Амфора, 2006
Sarja:Смотрим фильм - читаем книгу
Читать[модно]
Aiheet:
Aineistotyyppi: MixedMaterials Kirja
KOHA link:https://koha.lib.tpu.ru/cgi-bin/koha/opac-detail.pl?biblionumber=203123

MARC

LEADER 00000nam0a2200000 4500
001 203123
005 20231031185509.0
010 |a 5367001998 
035 |a (RuTPU)RU\TPU\book\221340 
035 |a RU\TPU\book\221339 
090 |a 203123 
100 |a 20111027d2006 m y0rusy50 ca 
101 1 |a rus  |c eng 
102 |a RU 
105 |a y z 000ay 
200 1 |a Остаться в живых. Вымирающие виды  |d Lost  |e роман  |e пер. с англ.  |f К. Хапка  |g сценаристы Дж. Либер , Дж. Дж. Абрамс , Д. Линделоф 
210 |a СПб.  |c Амфора  |d 2006 
215 |a 302 с. 
225 1 |a Смотрим фильм - читаем книгу 
225 1 |a Читать[модно] 
330 |a Аспирантка биологического факультета Фэйт Харрингтон молода и красива, у нее есть любимое дело и любимый человек. Однако все ее счастье оказывается сплошной бутафорией, когда Фэйт отправляется в Австралию на конгресс экологов. Выясняется, что ее возлюбленный — совсем не тот человек, которым она его считала, а сама Фэйт становится невольной соучастницей убийства. Перепуганная девушка садится на самолет, но он разбивается над океаном, и уцелевшие пассажиры оказываются на удивительном острове, полном смертельных опасностей и роковых загадок... Литературная версия знаменитого телесериала. 
510 1 |a Lost  |z eng 
610 1 |a американская литература 
610 1 |a телесериалы 
610 1 |a приключения 
610 1 |a романы 
675 |a 82  |v 3 
700 1 |a Хапка  |b К.  |g Кэти 
702 1 |a Либер  |b Дж.  |g Джефри  |4 690 
702 1 |a Абрамс  |b Дж. Дж.  |4 690 
702 1 |a Линделоф  |b Д.  |g Деймон  |4 690 
801 1 |a RU  |b 63413507  |c 20111027 
801 2 |a RU  |b 63413507  |c 20111107  |g RCR 
942 |c BK